Normal view
MARC view
Entry Geographic Name
001 - CONTROL NUMBER
- control field: 954
003 - CONTROL NUMBER IDENTIFIER
- control field: csc
005 - DATE AND TIME OF LATEST TRANSACTION
- control field: 20140507162054.0
008 - FIXED-LENGTH DATA ELEMENTS
- fixed length control field: 130426|| aca||aabn | a|a d
040 ## - CATALOGING SOURCE
- Original cataloging agency: csc
- Transcribing agency: csc
151 ## - HEADING--GEOGRAPHIC NAME
- Geographic name: England
- General subdivision: Social life and customs
- General subdivision: Fiction.
670 ## - SOURCE DATA FOUND
- Source citation: Work cat.: (csc)0: Austen, Jane, 1775-1817. 380, Lady Susan ; The Watsons ; Sanditon /, 1974.